2017 Monster Energy NASCAR Cup Series Winners - Statistics

General Stats
  • This quiz has been taken 123 times
  • The average score is 24 of 40
Answer Stats
Race Track Winner % Correct
Daytona 500 Daytona International Speedway Kurt Busch
90%
Kobalt 400 Las Vegas Motor Speedway Martin Truex, Jr.
80%
Folds of Honor QuikTrip 500 Atlanta Motor Speedway Brad Keselowski
77%
O'Reilly Auto Parts 500 Texas Motor Speedway Jimmie Johnson
70%
Advance Auto Parts Clash Daytona International Speedway Joey Logano
70%
AAA 400 Drive for Autism Dover International Speedway Jimmie Johnson
69%
Go Bowling 400 Kansas Speedway Martin Truex, Jr.
67%
Auto Club 400 Auto Club Speedway Kyle Larson
66%
Geico 500 Talladega Superpeedway Ricky Stenhouse, Jr.
66%
Toyota Owners 400 Richmond International Raceway Joey Logano
65%
Monster Energy NASCAR All-Star Race Charlotte Motor Speedway Kyle Busch
65%
Food City 500 Bristol Motor Speedway Jimmie Johnson
64%
Toyota/Save Mart 350 Sonoma Raceway Kevin Harvick
64%
Camping World 500 Phoenix International Raceway Ryan Newman
64%
I Love New York 355 at The Glen Watkins Glen International Martin Truex, Jr.
63%
Coke Zero 400 Daytona International Speedway Ricky Stenhouse, Jr.
63%
Can-Am Duel 1 Daytona International Speedway Chase Elliott
61%
FireKeepers Casino 400 Michigan International Speedway Kyle Larson
61%
Quaker State 400 Kentucky Speedway Martin Truex, Jr.
61%
Coca-Cola 600 Charlotte Motor Speedway Austin Dillon
60%
Brantley Gilbert Big Machine Brickyard 400 Indianapolis Motor Speedway Kasey Kahne
59%
Overton's 400 Pocono Raceway Kyle Busch
59%
Bass Pro Shops NRA Night Race Bristol Motor Speedway Kyle Busch
59%
Ford EcoBoost 400 Homestead-Miami Speedway Martin Truex, Jr.
59%
Axalta Presents the Pocono 400 Pocono Raceway Ryan Blaney
59%
Tales of the Turtles 400 Chicagoland Speedway Martin Truex, Jr.
58%
STP 500 Martinsville Speedway Brad Keselowski
57%
Can-Am Duel 2 Daytona International Speedway Denny Hamlin
57%
Pure Michigan 400 Michigan International Speedway Kyle Larson
57%
Bojangles' Southern 500 Darlington Raceway Denny Hamlin
55%
Overton's 301 New Hampshire Motor Speedway Denny Hamlin
53%
Bank of America 500 Charlotte Motor Speedway Martin Truex, Jr.
51%
First Data 500 Martinsville Speedway Kyle Busch
47%
Hollywood Casino 400 Kansas Speedway Martin Truex, Jr.
47%
AAA Texas 500 Texas Motor Speedway Kevin Harvick
46%
Federated Auto Parts 400 Richmond Raceway Kyle Larson
46%
Can-Am 500 Phoenix International Raceway Matt Kenseth
46%
ISM Connect 300 New Hampshire Motor Speedway Kyle Busch
42%
Apache Warrior 400 Dover International Speedway Kyle Busch
42%
Alabama 500 Talladega Superspeedway Brad Keselowski
41%
No matching quizzes found
Score Distribution
Percent of People with Each Score
Percentile by Number Answered
Your Score History
You have not taken this quiz